| 000 | 00413nam a22001457a 4500 | ||
|---|---|---|---|
| 020 | _a9788126519187 | ||
| 082 |
_222 _a005.7585 |
||
| 100 | _aMaclennan, Jamie...[et al.]. | ||
| 245 | _aData minign with microsoft SQL server 2008 / | ||
| 260 |
_aNew Delhi, _bJohn Wiley and Sons, _cc2009. |
||
| 300 |
_axxxvi, 636p. ; _bill. ; _c23 cm. |
||
| 700 | _aTang, Zhaohu, | ||
| 700 | _aand Crivat, Bogdan. | ||
| 942 |
_2ddc _cIT _02 |
||
| 999 |
_c480 _d480 |
||